Normal view
MARC view
Entry Topical Term
001 - CONTROL NUMBER
- control field: 37641
003 - CONTROL NUMBER IDENTIFIER
- control field: ARRUPE
005 - DATE AND TIME OF LATEST TRANSACTION
- control field: 20171121152826.0
008 - FIXED-LENGTH DATA ELEMENTS
- fixed length control field: 171121|| aca||aabn | a|a d
040 ## - CATALOGING SOURCE
- Original cataloging agency: ARRUPE
- Transcribing agency: ARRUPE
150 ## - HEADING--TOPICAL TERM
- Topical term or geographic name as entry element: Women and literature
- Geographic subdivision: Greece.
670 ## - SOURCE DATA FOUND
- Source citation: Work cat.: (ARRUPE)0: Grene, David 1942- ed. 37640, The complete Greek tragedies Euripides IV, 1958